00390nam a2200157Ia 4500008004100000020002200041041000800063082001600071100002200087245002600109260003900135300001200174365001200186650001700198650001700215210719s2019 xx 000 0 und d a978-81-222-0014-0 aeng a793.73 DEVP aDEVI (Shakuntala) aPuzzles to puzzle you aNew DelhibOrient Paperbacksc2019 a144bPB b155cRs aIndoor Games aIndoor Games